Logo BPK

Biblioteka

Politechniki Koszalińskiej

Molekularna mechanika kwantowa : (Rekord nr 26588)

Szczegóły MARC
000 -ETYKIETA REKORDU
podpole kontrolne o stałej długości 00381nam a2200145 i 4500
001 - NUMER KONTROLNY REKORDU
pole kontrolne bg
040 ## - ŹRÓDŁO KATALOGOWANIA
Instytucja, która utworzyła rekord BPK
041 ## - KOD JĘZYKA
Kod języka tekstu pol
080 ## - UNIWERSALNA KLASYFIKACJA DZIESIĘTNA - UKD
UKD 530.145
008 - POLE O STAŁEJ DŁUGOŚCI - DANE KONTROLNE
podpole kontrolne o stałej długości s pl f |000 0 pol
100 1# - NAZWA OSOBOWA
Nazwa osobowa Atkins, Peter William
Daty związane z nazwą (1940- ).
245 #0 - TYTUŁ/ODPOWIEDZIALNOŚĆ
Tytuł Molekularna mechanika kwantowa :
Ciąg dalszy tytułu wstęp do chemii kwantowej /
Pozostałe elementy strefy tytułu i oznaczenia odpowiedzialności P.W. Atkins.
260 ## - STREFA ADRESU WYDAWNICZEGO
Miejsce wydania Warszawa,
Data publikacji, dystrybucji/powstania dokumentu 1974.
856 ## - LOKALIZACJA I DOSTĘP DO ELEKTRONICZNYCH DOKUMENTÓW ZDALNYCH
Link (URL) http://koha.tu.koszalin.pl/cgi-bin/koha/opac-detail.pl?biblionumber=26588
Tekst linku Katalog online BPK
942 ## - DODATKOWE ELEMENTY (KOHA)
Typ dokumentu Książka
Egzemplarze
Wycofany Status egzemplarza Uszkodzony Dostępność Lokalizacja stała Lokalizacja bieżąca Miejsce przechowywania Sygnatura Kod kreskowy Typ dokumentu
      Dostępny Biblioteka Politechniki Koszalińskiej Biblioteka Politechniki Koszalińskiej Wypożyczalnia BG 18051 01271218 Książka
      Dostępny Biblioteka Politechniki Koszalińskiej Biblioteka Politechniki Koszalińskiej Wypożyczalnia BG 18052 01715811 Książka
© 2023 Biblioteka Politechniki Koszalińskiej :: KOHA